000 00577nam a2200157 4500
008 170330b xxu||||| |||| 00| 0 eng d
022 _a01153544
082 _aDPer 338.05 En86 Apr-Jul 2015 v. 15, n. 158-161
100 _919676
_aPe, Charlene
245 _aSurviving a tax audit:
_bwho isn't afraid of a ax audit?: but there's a way to make it less painful/
_cCharlene Pe.
260 _aPhilippines:
_bSummit Media,
_cApr-Jul 2015.
300 _av15 n161, pages 25-27:
_billustrations,
_c28 cm.
500 _aEntrepreneur.
650 0 _919677
_aTaxation
942 _2ddc
_cPER
999 _c6503
_d6503